00512 a2200181 450000100060000002000150000604000240002110000300004524000360007524500310011130000070014236200090014944000130015865000310017194200070020295201040020999900170031369893 a8526255002 cAnchieta - Itaigara aMoraes, Antonieta Dias de10aOs dois tatus e o berimbaulpor10aOs dois tatus e o berimbau a230 a2004 1aScipione 4aLiteratura infanto-juvenil cBK 00104070a88.1b88.1d2023-11-21l0o028.5 MOR DOIp2738/ITAr2023-11-21 20:04:40w2023-11-21yBK c69893d69893